<The> Euro

Enregistré dans:
Détails bibliographiques
Autres auteurs: Temperton, Paul
Format: Livre
Langue:anglais
Publié: Chichester John Wiley & Sons 1999
Édition:2. ed.
Sujets:
Tags: Ajouter un tag
Pas de tags, Soyez le premier à ajouter un tag!

MARC

LEADER 00000nam a2200000 4500
001 c114676
005 20221221082247.1
020 |a 0-471-98722-0 
041 0 |a eng 
044 |a GB 
245 1 0 |a <The> Euro  |c Edited by Paul Temperton 
250 |a 2. ed. 
264 1 |a Chichester  |b John Wiley & Sons  |c 1999 
300 |a 391 s. 
610 2 0 |a mena 
610 2 0 |a peniaze 
610 2 0 |a politika menová 
610 2 0 |a integrácia ekonomická medzinárodná 
610 2 0 |a štúdie prípadové 
610 2 0 |a únie menové 
610 2 0 |a miera úroková 
610 2 0 |a banky centrálne 
610 2 0 |a trh finančný 
610 2 0 |a spotrebitelia 
610 2 0 |a politika medzinárodná 
610 2 0 |a Európa 
610 2 0 |a euro 
700 1 |a Temperton, Paul